Missing Word: Pearl Harbor Cast In Other Films Quiz Stats

 Plays Quiz Updated Dec 7, 2018

Support Sporcle.
Go Orange.
Score 0/30 Timer 04:00
0 Plays Today
Actor/Actress Movie % Correct
Ben AffleckWill
98.9%
Josh HartnettDays
97.7%
Josh HartnettHawk
96.2%
Alec BaldwinRed
95.9%
Cuba Gooding Jr.Good
94.8%
Ben AffleckSum
90.2%
Michael ShannonTrade
89.9%
Jon VoightCandidate
88.8%
Cuba Gooding Jr.Home
88.5%
Ben AffleckGone
87.9%
Cuba Gooding Jr.Maguire
86.4%
Cuba Gooding Jr.America
86.1%
Ben AffleckLeague
84.8%
Jon VoightBeasts
83.4%
Alec BaldwinRoss
82.7%
Actor/Actress Movie % Correct
Ben AffleckAmy
80.9%
Michael ShannonBad
77.9%
Jon VoightTreasure
73.2%
Jon VoightCowboy
72.9%
Alec BaldwinMarried
72.4%
Michael ShannonRoad
69.3%
Michael ShannonSteel
63%
Josh HartnettSin
62.3%
Alec BaldwinNation
59.2%
Cuba Gooding Jr.Honor
55.5%
Josh HartnettHalloween
54.9%
Alec BaldwinEscape
51.8%
Jon VoightVarsity
45.5%
Josh HartnettNight
42.2%
Michael ShannonGroundhog
14.5%

Today's Daily Dose

Word Ladder
Math Aid

Get the Picture
Warrior Women

You're not logged in!

Compare scores with friends on all Sporcle quizzes.
OR
Log In
Forgot?

From the Vault

Movie Grab Bag Slideshow II

by chair

Movies 8m
There's bound to be some unique objects in a movie grab bag.
Remove Ads.
Support Sporcle.
Get the best of Sporcle when you Go Orange. This ad-free experience offers more features, more stats, and more fun while also helping to support Sporcle. Thank you for becoming a member.

Show Comments

Extras

Top Quizzes Today


Score Distribution

Your Account Isn't Verified!

In order to create a playlist on Sporcle, you need to verify the email address you used during registration. Go to your Sporcle Settings to finish the process.

Report this User

Report this user for behavior that violates our Community Guidelines.

Details: